| 000 | 01300nam1a22002771i 4500 | ||
|---|---|---|---|
| 001 | rc\3992856 | ||
| 005 | 20260407215032.0 | ||
| 035 | _a(NLR Aleph) 008068668 | ||
| 090 |
_a9049131 _c9049131 |
||
| 100 | _a20130415d1955 |||y0rusy50 ca | ||
| 101 | 0 | _arus | |
| 102 | _aRU | ||
| 105 | _ay z ||||| | ||
| 200 | 1 |
_aСборник в помощь работникам учреждений народного образования _fПод ред. И.С. Кузнецова и С.И. Наумова _gМ-во просвещения РСФСР. План.-фин. упр. Вып. 1- |
|
| 210 |
_aМосква _cУчпедгиз _d1955 |
||
| 215 | _d22 | ||
| 606 |
_aШкола _xУчет и отчетность _jСборники _2psbo |
||
| 606 |
_aШкола _xФинансирование _jСборники _2psbo |
||
| 606 |
_aРаботники просвещения _xТрудовое законодательство _jСборники _2psbo |
||
| 702 | 1 |
_aКузнецов _bИ.С. _4340 |
|
| 702 | 1 |
_aНаумов _bС.И. _4340 |
|
| 712 | 0 | 1 |
_aРСФСР _bМинистерство просвещения _bПланово-финансовое управление _3RU\NLR\AUTH\8810144908 _9784193 |
| 801 | 0 |
_aRU _bNLR _gpsbo |
|
| 801 | 1 |
_aRU _bELAR _2rusmarc |
|
| 852 |
_aNLR _jПр20 Г-5/689 |
||
| 942 | _cBOOK | ||